[Event "IECG CM.2004.0.00264 email"]
[Site "IECG email"]
[Date "2004.12.27"]
[Round "?"]
[White "Demyak, Mykola"]
[Black "Petrov, Milen Stoyanov"]
[Result "1-0"]
[WhiteElo "2225"]
[BlackElo "2203"]
[PlyCount "91"]
[EventDate "2004.12.27"]
[EventType "tourn (corr)"]
[EventRounds "6"]
[SourceTitle "Corr 2008"]
[Source "ChessBase"]
[SourceDate "2008.06.24"]
[SourceVersion "1"]
[SourceVersionDate "2008.06.24"]
[SourceQuality "1"]

1. e4 c5 2. Nf3 Nc6 3. d4 cxd4 4. Nxd4 Nf6 5. Nc3 e5 6. Ndb5 d6 7. Bg5 a6 8. Na3 b5 9. Nd5 Be7 10. Bxf6 Bxf6 11. Be2 0-0 12. 0-0 Bg5 13. c3 Ne7 14. Nc2 Nxd5 15. exd5 f5 16. a4 Bd7 17. axb5 axb5 18. Rxa8 Qxa8 19. Nb4 e4 20. Nc6 Qa2 21. b4 Qa6 22. Qa1 Qb7 23. Qa5 Bxc6 24. dxc6 Qxc6 25. Qxb5 Qxb5 26. Bxb5 Bd2 27. Bc4+ Kh8 28. b5 Bxc3 29. b6 Rb8 30. Rb1 g6 31. b7 Kg7 32. Kf1 Kf6 33. Ke2 Ke7 34. Ke3 Be5 35. Bd5 Kd8 36. Rc1 g5 37. g3 Bb2 38. Rb1 Be5 39. h3 h5 40. g4 fxg4 41. hxg4 hxg4 42. Kxe4 g3 43. fxg3 Bxg3 44. Rc1 Bf4 45. Rc2 Be5 46. Kd3 1-0

[Event "IECG CM.2004.0.00264 email"]
[Site "IECG email"]
[Date "2004.12.27"]
[Round "?"]
[White "Van Seben, Edgar"]
[Black "Demyak, Mykola"]
[Result "1/2-1/2"]
[WhiteElo "2225"]
[BlackElo "2225"]
[PlyCount "55"]
[EventDate "2004.12.27"]
[EventType "tourn (corr)"]
[EventRounds "6"]
[SourceTitle "Corr 2008"]
[Source "ChessBase"]
[SourceDate "2008.06.24"]
[SourceVersion "1"]
[SourceVersionDate "2008.06.24"]
[SourceQuality "1"]

1. d4 d5 2. c4 e6 3. Nc3 Be7 4. Nf3 Nf6 5. Bf4 0-0 6. e3 Nbd7 7. Qc2 c6 8. h3 Re8 9. a3 Nf8 10. Bd3 dxc4 11. Bxc4 Nd5 12. Bg3 Nxc3 13. Qxc3 Bd6 14. 0-0 b6 15. Bd3 Bb7 16. Rac1 Rc8 17. Bxd6 Qxd6 18. b4 Red8 19. Ne5 f6 20. Nc4 Qe7 21. Rfd1 c5 22. dxc5 bxc5 23. b5 Ng6 24. Bxg6 hxg6 25. Rxd8+ Qxd8 26. Qc2 Kh7 27. a4 Bd5 28. Rd1 1/2-1/2

[Event "IECG CM.2004.0.00240 email"]
[Site "IECG email"]
[Date "2004.02.15"]
[Round "?"]
[White "Demyak, Mykola"]
[Black "Danzanvilliers, Patrice"]
[Result "1-0"]
[WhiteElo "2205"]
[BlackElo "2222"]
[PlyCount "81"]
[EventDate "2004.02.15"]
[EventType "tourn (corr)"]
[EventRounds "6"]
[SourceTitle "Corr 2008"]
[Source "ChessBase"]
[SourceDate "2008.06.24"]
[SourceVersion "1"]
[SourceVersionDate "2008.06.24"]
[SourceQuality "1"]

1. e4 Nf6 2. e5 Nd5 3. d4 d6 4. c4 Nb6 5. f4 dxe5 6. fxe5 Nc6 7. Be3 Bf5 8. Nc3 Nb4 9. Rc1 c5 10. d5 e6 11. d6 Nd7 12. Nf3 a6 13. Be2 Nc6 14. 0-0 Rb8 15. Bf4 h6 16. Nd5 Rc8 17. Bg3 g5 18. Bd3 Bxd3 19. Qxd3 Bg7 20. Qe4 0-0 21. Nc7 Rxc7 22. dxc7 Qxc7 23. Rce1 b5 24. h4 gxh4 25. Qxh4 bxc4 26. Bf4 Kh7 27. Ng5+ Kg8 28. Ne4 Ncxe5 29. Bxh6 Ng6 30. Qh3 Qc6 31. Qf3 Qd5 32. Rd1 Bd4+ 33. Kh1 Nge5 34. Qg3+ Ng6 35. Ng5 f5 36. Bxf8 Ndxf8 37. Qc7 Ne5 38. Rfe1 Ned7 39. Qg3 e5 40. Nf3+ Kf7 41. Rxd4 1-0

[Event "IECG CM.2004.0.00240 email"]
[Site "IECG email"]
[Date "2004.02.15"]
[Round "?"]
[White "Olano Aizpurua, Jose Maria"]
[Black "Demyak, Mykola"]
[Result "1/2-1/2"]
[WhiteElo "2251"]
[BlackElo "2205"]
[PlyCount "136"]
[EventDate "2004.02.15"]
[EventType "tourn (corr)"]
[EventRounds "6"]
[SourceTitle "Corr 2008"]
[Source "ChessBase"]
[SourceDate "2008.06.24"]
[SourceVersion "1"]
[SourceVersionDate "2008.06.24"]
[SourceQuality "1"]

1. e4 e5 2. Nf3 Nc6 3. Bb5 a6 4. Ba4 Nf6 5. 0-0 b5 6. Bb3 Be7 7. Re1 0-0 8. c3 d6 9. h3 Bb7 10. d4 Re8 11. a4 h6 12. Nbd2 Bf8 13. Bc2 exd4 14. cxd4 Nb4 15. Bb1 c5 16. d5 g6 17. Ra3 Bg7 18. Nf1 Nd7 19. a5 Rc8 20. N1h2 Kh7 21. Ng4 Nf6 22. Qd2 Nxg4 23. hxg4 Rc7 24. Qf4 Rce7 25. g5 h5 26. Qd2 Bc8 27. Ree3 Bg4 28. Kf1 Kg8 29. Re1 Bxf3 30. gxf3 Bd4 31. Ba2 Re5 32. Kg2 f6 33. gxf6 Qxf6 34. Bb1 Nxd5 35. f4 R5e7 36. Rg3 Nc7 37. Rh1 Rg7 38. Ba2+ c4 39. b3 Rxe4 40. bxc4 b4 41. Qxb4 Re2 42. Qb8+ Ne8 43. Be3 Kf8 44. Qb1 Bc5 45. Bxc5 dxc5 46. Bb3 Qc6+ 47. Rf3 Nf6 48. Bd1 Re6 49. Qb8+ Kf7 50. Rhh3 Rg8 51. Qb3 Rd8 52. Bc2 Re2 53. Bd3 Re1 54. Qb6 Qa8 55. Qb3 Rd4 56. Qc2 Ne4 57. Qb2 Nf6 58. Qc2 Kg7 59. Qd2 Re8 60. Kg1 Qb8 61. Qc1 Qb4 62. Kf1 Ne4 63. Re3 Qd2 64. Qxd2 Nxd2+ 65. Ke2 Ne4 66. f5 Nc3+ 67. Kf1 Rxe3 68. Rxe3 gxf5 1/2-1/2

[Event "IECG CM.2002.0.00169 email"]
[Site "IECG email"]
[Date "2002.02.13"]
[Round "?"]
[White "Demyak, Mykola"]
[Black "Aberbach Peltzman, Angel Sergio"]
[Result "1-0"]
[WhiteElo "2204"]
[BlackElo "2222"]
[PlyCount "57"]
[EventDate "2002.02.13"]
[EventType "tourn (corr)"]
[EventRounds "6"]
[SourceTitle "Corr 2008"]
[Source "ChessBase"]
[SourceDate "2008.06.24"]
[SourceVersion "1"]
[SourceVersionDate "2008.06.24"]
[SourceQuality "1"]

1. e4 c5 2. Nf3 d6 3. d4 cxd4 4. Nxd4 Nf6 5. Nc3 a6 6. Bg5 e6 7. f4 b5 8. e5 dxe5 9. fxe5 Qc7 10. Bxb5+ axb5 11. exf6 Qe5+ 12. Qe2 Qxg5 13. Ndxb5 Ra5 14. fxg7 Bxg7 15. Ne4 Qe5 16. Nbd6+ Ke7 17. 0-0 f5 18. Rad1 Ra4 19. c4 Rxa2 20. Qh5 Bd7 21. b4 Rf8 22. Qh4+ Rf6 23. Nxf6 Qxf6 24. Qe1 Qe5 25. b5 Bf6 26. Qb4 Qe2 27. Nxf5+ Kf7 28. Nh4 Kg7 29. h3 1-0

[Event "IECG CM.2002.0.00169 email"]
[Site "IECG email"]
[Date "2002.02.13"]
[Round "?"]
[White "Demyak, Mykola"]
[Black "Anderton, Matthew"]
[Result "1-0"]
[WhiteElo "2204"]
[BlackElo "2232"]
[PlyCount "43"]
[EventDate "2002.02.13"]
[EventType "tourn (corr)"]
[EventRounds "6"]
[SourceTitle "Corr 2008"]
[Source "ChessBase"]
[SourceDate "2008.06.24"]
[SourceVersion "1"]
[SourceVersionDate "2008.06.24"]
[SourceQuality "1"]

1. e4 e6 2. d4 d5 3. Nd2 Nf6 4. e5 Nfd7 5. Bd3 c5 6. c3 Nc6 7. Ne2 cxd4 8. cxd4 Qb6 9. Nf3 f6 10. exf6 Nxf6 11. 0-0 Bd6 12. Nc3 0-0 13. Be3 Bd7 14. a3 Be8 15. Ng5 Ne7 16. Nxe6 Bxh2+ 17. Kxh2 Qxe6 18. Kg1 Ng4 19. Bg5 Bh5 20. f3 Nf6 21. Re1 Qd6 22. Re5 1-0

[Event "IECG CM.2002.0.00169 email"]
[Site "IECG email"]
[Date "2002.02.13"]
[Round "?"]
[White "Demyak, Mykola"]
[Black "Dyakov, Alexander V"]
[Result "1-0"]
[WhiteElo "2204"]
[BlackElo "2250"]
[PlyCount "101"]
[EventDate "2002.02.13"]
[EventType "tourn (corr)"]
[EventRounds "6"]
[SourceTitle "Corr 2008"]
[Source "ChessBase"]
[SourceDate "2008.06.24"]
[SourceVersion "1"]
[SourceVersionDate "2008.06.24"]
[SourceQuality "1"]

1. e4 c6 2. d4 d5 3. e5 Bf5 4. Nf3 e6 5. Be2 c5 6. 0-0 Nc6 7. c3 cxd4 8. cxd4 Nge7 9. a3 Nc8 10. Bg5 Be7 11. Bxe7 N8xe7 12. b4 Rc8 13. Nbd2 0-0 14. Rc1 Bg4 15. h3 Bxf3 16. Nxf3 Nf5 17. Qd2 Nh4 18. Rc3 Nxf3+ 19. Bxf3 a6 20. Rfc1 Qd7 21. Rc5 b6 22. R5c3 Ne7 23. Be2 Rxc3 24. Rxc3 Rc8 25. Rxc8+ Qxc8 26. g4 Qc6 27. Kg2 b5 28. Bd3 h6 29. f4 g6 30. Kf3 Qb6 31. Qc3 Nc6 32. Ke3 g5 33. Qc5 Qxc5 34. dxc5 Kg7 35. Bb1 gxf4+ 36. Kxf4 f6 37. exf6+ Kxf6 38. h4 e5+ 39. Kf3 e4+ 40. Kf4 Ne7 41. h5 Nc6 42. Ba2 Ke6 43. Ke3 Ke5 44. g5 hxg5 45. h6 d4+ 46. Ke2 Ne7 47. c6 Kf6 48. c7 Kg6 49. Be6 Kxh6 50. c8Q Nxc8 51. Bxc8 1-0

[Event "IECG CM.2001.0.00152"]
[Site "IECG email"]
[Date "2001.08.20"]
[Round "?"]
[White "Koch, Christian"]
[Black "Demyak, Mykola"]
[Result "1/2-1/2"]
[WhiteElo "2221"]
[BlackElo "2205"]
[PlyCount "145"]
[EventDate "2001.08.20"]
[EventType "tourn (corr)"]
[EventRounds "6"]
[SourceTitle "Corr 2008"]
[Source "ChessBase"]
[SourceDate "2008.06.24"]
[SourceVersion "1"]
[SourceVersionDate "2008.06.24"]
[SourceQuality "1"]

1. d4 d5 2. c4 e6 3. Nc3 Nf6 4. cxd5 exd5 5. Bg5 Be7 6. e3 c6 7. Bd3 Nbd7 8. Qc2 0-0 9. Nge2 Re8 10. f3 Nf8 11. 0-0 Be6 12. Rad1 Rc8 13. a3 a6 14. Rfe1 c5 15. dxc5 Rxc5 16. Nd4 Nh5 17. Bxe7 Qxe7 18. Qf2 Rd8 19. Nxe6 Nxe6 20. Bb1 Nf6 21. Ba2 a5 22. Rd3 Nc7 23. Red1 Rc8 24. Qd2 g6 25. b4 axb4 26. axb4 Rc6 27. Bxd5 Rb6 28. b5 Nxb5 29. Ne4 Nxe4 30. Bxe4 Qf6 31. Rb1 Na7 32. Rd7 Rxb1+ 33. Bxb1 Qb6 34. Ba2 Rf8 35. Qd4 Qxd4 36. exd4 Nc6 37. d5 Nb4 38. Bb3 Na6 39. Rxb7 Nc5 40. Rb5 Nxb3 41. Rxb3 Rd8 42. Rb5 Kg7 43. Kf2 Re8 44. g4 h6 45. f4 Re4 46. Kf3 Ra4 47. h4 f5 48. Rb7+ Kf8 49. gxf5 gxf5 50. Rb6 Kg7 51. h5 Rd4 52. Rg6+ Kh7 53. d6 Rd5 54. Re6 Kg7 55. Ke3 Rd1 56. Rg6+ Kh7 57. Ke2 Rd4 58. Re6 Kg7 59. Rg6+ Kh7 60. Re6 Kg7 61. Ke1 Rd5 62. Kf2 Rd2+ 63. Kg3 Rd3+ 64. Kh4 Rd4 65. Rg6+ Kh7 66. Kg3 Rd3+ 67. Kf2 Rd2+ 68. Ke1 Rd5 69. Rf6 Kg7 70. Re6 Rd3 71. Rg6+ Kh7 72. Rf6 Kg7 73. Rxf5 1/2-1/2

[Event "IECG CM.2001.0.00151"]
[Site "IECG email"]
[Date "2001.08.05"]
[Round "?"]
[White "Oortwijn, Ron A"]
[Black "Demyak, Mykola"]
[Result "1/2-1/2"]
[WhiteElo "2218"]
[BlackElo "2205"]
[PlyCount "35"]
[EventDate "2001.08.05"]
[EventType "tourn (corr)"]
[EventRounds "6"]
[SourceTitle "Corr 2008"]
[Source "ChessBase"]
[SourceDate "2008.06.24"]
[SourceVersion "1"]
[SourceVersionDate "2008.06.24"]
[SourceQuality "1"]

1. e4 e5 2. Nf3 Nc6 3. Nc3 Nf6 4. d4 exd4 5. Nd5 d6 6. Nxd4 Be7 7. Bc4 0-0 8. 0-0 Nxd4 9. Qxd4 Nxd5 10. Bxd5 Bf6 11. Qd3 Qe7 12. c3 Re8 13. Bf4 Be5 14. Bxe5 dxe5 15. Rad1 c6 16. Bb3 Be6 17. Bxe6 Qxe6 18. b3 1/2-1/2

[Event "IECG RM.2001.0.00002"]
[Site "IECG email"]
[Date "2001.05.20"]
[Round "?"]
[White "Brueckner, Joachim"]
[Black "Demyak, Mykola"]
[Result "1/2-1/2"]
[WhiteElo "2392"]
[BlackElo "2231"]
[PlyCount "119"]
[EventDate "2001.05.20"]
[EventType "tourn (corr)"]
[EventRounds "6"]
[SourceTitle "Corr 2008"]
[Source "ChessBase"]
[SourceDate "2008.06.24"]
[SourceVersion "1"]
[SourceVersionDate "2008.06.24"]
[SourceQuality "1"]

1. e4 e5 2. Nf3 Nc6 3. Bb5 a6 4. Ba4 Nf6 5. 0-0 Be7 6. Re1 b5 7. Bb3 d6 8. c3 0-0 9. h3 Na5 10. Bc2 c5 11. d4 Qc7 12. Nbd2 cxd4 13. cxd4 Bb7 14. d5 Rac8 15. Bb1 Nc4 16. Nf1 Nb6 17. Ne3 g6 18. Bc2 Ne8 19. Bd2 Qd7 20. Ba5 Bd8 21. Bb4 Nc4 22. Nxc4 Rxc4 23. Bd2 f5 24. exf5 gxf5 25. Bb3 Rc8 26. a4 Kh8 27. axb5 Qxb5 28. Ng5 Bxd5 29. Bxd5 Qxd5 30. Rxa6 Rg8 31. h4 f4 32. Bc3 Qxd1 33. Rxd1 Bxg5 34. hxg5 Rxg5 35. Kf1 Kg8 36. Bb4 Rg7 37. Rd2 Rd7 38. Ke2 Rcd8 39. Ba5 Rb8 40. b4 Kf7 41. Rc2 Ke6 42. Bb6 Rg7 43. Kf1 Kf5 44. Ba5 d5 45. Rc5 Nf6 46. f3 Rbg8 47. Rcc6 Ne8 48. Rc2 d4 49. b5 Nf6 50. Rd6 Ra8 51. Bd8 Nd7 52. Bh4 Ra1+ 53. Kf2 e4 54. fxe4+ Ke5 55. Rcc6 Kxe4 56. Rc4 Rd1 57. Ke2 Ne5 58. Kxd1 Nxc4 59. Rxd4+ Kxd4 60. Bf6+ 1/2-1/2

[Event "IECG RM.2001.0.00002"]
[Site "IECG email"]
[Date "2001.05.20"]
[Round "?"]
[White "Demyak, Mykola"]
[Black "Frank, Mario Alberto"]
[Result "1/2-1/2"]
[WhiteElo "2231"]
[BlackElo "2330"]
[PlyCount "48"]
[EventDate "2001.05.20"]
[EventType "tourn (corr)"]
[EventRounds "6"]
[SourceTitle "Corr 2008"]
[Source "ChessBase"]
[SourceDate "2008.06.24"]
[SourceVersion "1"]
[SourceVersionDate "2008.06.24"]
[SourceQuality "1"]

1. e4 c5 2. Nf3 d6 3. d4 cxd4 4. Nxd4 Nf6 5. Nc3 g6 6. Be2 Bg7 7. 0-0 0-0 8. Be3 Nc6 9. Nb3 Be6 10. f4 Qc8 11. Kh1 Bg4 12. Bg1 Bxe2 13. Qxe2 Qg4 14. Qd2 b5 15. Rae1 b4 16. Nd5 Rfc8 17. f5 Nxd5 18. exd5 Ne5 19. Nd4 a5 20. h3 Qh4 21. Bf2 Qh6 22. Qe2 Qh5 23. Qxh5 gxh5 24. Re2 Bf6 1/2-1/2

[Event "IECG RM.2001.0.00002"]
[Site "IECG email"]
[Date "2001.05.20"]
[Round "?"]
[White "Demyak, Mykola"]
[Black "Vujanovic, Aleksandar"]
[Result "1/2-1/2"]
[WhiteElo "2231"]
[BlackElo "2243"]
[PlyCount "38"]
[EventDate "2001.05.20"]
[EventType "tourn (corr)"]
[EventRounds "6"]
[SourceTitle "Corr 2008"]
[Source "ChessBase"]
[SourceDate "2008.06.24"]
[SourceVersion "1"]
[SourceVersionDate "2008.06.24"]
[SourceQuality "1"]

1. e4 e5 2. Nf3 Nc6 3. Bb5 a6 4. Ba4 Nf6 5. d4 exd4 6. 0-0 Be7 7. Re1 b5 8. Bb3 d6 9. Bd5 Nxd5 10. exd5 Ne5 11. Nxd4 0-0 12. Nc3 Re8 13. Bf4 Bf6 14. Bxe5 Bxe5 15. Nc6 Qg5 16. Nxe5 dxe5 17. Ne4 Qg6 18. c3 Bg4 19. f3 Bf5 1/2-1/2

[Event "IECG RM.2001.0.00002"]
[Site "IECG email"]
[Date "2001.05.20"]
[Round "?"]
[White "Van Seben, Edgar"]
[Black "Demyak, Mykola"]
[Result "1-0"]
[WhiteElo "2003"]
[BlackElo "2231"]
[PlyCount "85"]
[EventDate "2001.05.20"]
[EventType "tourn (corr)"]
[EventRounds "6"]
[SourceTitle "Corr 2008"]
[Source "ChessBase"]
[SourceDate "2008.06.24"]
[SourceVersion "1"]
[SourceVersionDate "2008.06.24"]
[SourceQuality "1"]

1. d4 d5 2. c4 e6 3. Nc3 Nf6 4. cxd5 exd5 5. Bg5 Be7 6. e3 0-0 7. Bd3 c6 8. Qc2 Nbd7 9. Nf3 Re8 10. 0-0 Nf8 11. Rab1 a5 12. a3 Ng6 13. b4 axb4 14. axb4 Ne4 15. Bxe7 Qxe7 16. b5 Nxc3 17. Qxc3 Bg4 18. Nd2 Ra3 19. Rb3 Rxb3 20. Nxb3 Qg5 21. g3 Bh3 22. Ra1 Nh4 23. Nd2 cxb5 24. Qb4 g6 25. Bxb5 Rb8 26. Qb3 Be6 27. Ra7 Nf5 28. Nb1 Nd6 29. Bf1 h5 30. Nc3 h4 31. Bg2 hxg3 32. hxg3 Rc8 33. Ra1 Nc4 34. Ne2 Kg7 35. Qxb7 Nxe3 36. Nf4 Bf5 37. fxe3 Qxg3 38. Qe7 Be4 39. Rf1 Qxe3+ 40. Kh2 Rh8+ 41. Nh3 Rf8 42. Qf6+ Kg8 43. Rf4 1-0

[Event "IECG CM.2001.0.00141"]
[Site "IECG email"]
[Date "2001.04.29"]
[Round "?"]
[White "Alava Moreno, Fausto"]
[Black "Demyak, Mykola"]
[Result "1/2-1/2"]
[WhiteElo "2270"]
[BlackElo "2210"]
[PlyCount "84"]
[EventDate "2001.04.29"]
[EventType "tourn (corr)"]
[EventRounds "6"]
[SourceTitle "Corr 2008"]
[Source "ChessBase"]
[SourceDate "2008.06.24"]
[SourceVersion "1"]
[SourceVersionDate "2008.06.24"]
[SourceQuality "1"]

1. e4 e5 2. Nf3 Nc6 3. Nc3 Nf6 4. g3 d5 5. exd5 Nxd5 6. Bg2 Nxc3 7. bxc3 Bd6 8. 0-0 0-0 9. Rb1 Bg4 10. h3 Bh5 11. g4 Bg6 12. d4 exd4 13. Nxd4 Rb8 14. f4 Nxd4 15. cxd4 f5 16. Rxb7 Rxb7 17. Bxb7 Qh4 18. Kg2 Bf7 19. g5 Bc4 20. Rf2 Bxa2 21. Qd3 Be6 22. Bd2 h6 23. gxh6 Qxh6 24. Rf3 Rf6 25. c4 Rg6+ 26. Kf1 Qh4 27. c5 Bf8 28. Ba5 Bf7 29. Bc8 Bd5 30. Bxf5 Bxf3 31. Bxg6 Qxh3+ 32. Kf2 Qg2+ 33. Ke3 Qg3 34. Be1 Qh3 35. Kf2 Qg2+ 36. Ke3 Bg4 37. Be4 Qh3+ 38. Kd2 Qh2+ 39. Kc3 Qxf4 40. Bd5+ Kh8 41. Bd2 Qf6 42. Qg3 Qf5 1/2-1/2

[Event "IECG CM.2001.0.00141"]
[Site "IECG email"]
[Date "2001.04.29"]
[Round "?"]
[White "Simmelink, Joop Theo"]
[Black "Demyak, Mykola"]
[Result "1-0"]
[WhiteElo "2277"]
[BlackElo "2210"]
[PlyCount "89"]
[EventDate "2001.04.29"]
[EventType "tourn (corr)"]
[EventRounds "6"]
[SourceTitle "Corr 2008"]
[Source "ChessBase"]
[SourceDate "2008.06.24"]
[SourceVersion "1"]
[SourceVersionDate "2008.06.24"]
[SourceQuality "1"]

1. e4 e5 2. Nc3 Nf6 3. Nf3 Nc6 4. d4 exd4 5. Nd5 Nxd5 6. exd5 Bb4+ 7. Bd2 Qe7+ 8. Qe2 Qxe2+ 9. Bxe2 Bxd2+ 10. Kxd2 Nb4 11. Rhe1 0-0 12. d6 c5 13. Bc4 b5 14. Bxb5 Rb8 15. Bc4 Ba6 16. Ne5 Bxc4 17. Nxc4 Rfe8 18. Re7 Rxe7 19. dxe7 Re8 20. Re1 Nc6 21. Nd6 Rxe7 22. Rxe7 Nxe7 23. Nb7 c4 24. Nd6 c3+ 25. bxc3 dxc3+ 26. Kxc3 Kf8 27. Kc4 Nc6 28. Nc8 Ke8 29. a3 Kd8 30. Nd6 Ke7 31. Kd5 h5 32. h4 g6 33. c3 f6 34. f4 Kf8 35. a4 Ke7 36. f5 gxf5 37. Nxf5+ Kf7 38. Kd6 Ne5 39. Kc7 Nd3 40. a5 Nc5 41. Kb8 a6 42. Ka7 Ke6 43. Ng7+ Ke5 44. Nxh5 d5 45. g3 1-0

[Event "IECG RM.2001.0.00001"]
[Site "IECG email"]
[Date "2001.02.01"]
[Round "?"]
[White "Cade, Stephen"]
[Black "Demyak, Mykola"]
[Result "0-1"]
[WhiteElo "2250"]
[BlackElo "2245"]
[PlyCount "52"]
[EventDate "2001.02.01"]
[EventType "tourn (corr)"]
[EventRounds "6"]
[SourceTitle "Corr 2008"]
[Source "ChessBase"]
[SourceDate "2008.06.24"]
[SourceVersion "1"]
[SourceVersionDate "2008.06.24"]
[SourceQuality "1"]

1. d4 d5 2. Nf3 Nf6 3. e3 g6 4. b3 Bg7 5. Bb2 0-0 6. Be2 b6 7. Nbd2 c5 8. 0-0 Nc6 9. c4 cxd4 10. exd4 Bb7 11. Rc1 Rc8 12. Re1 Bh6 13. a3 e6 14. Rc2 Qe7 15. c5 a6 16. cxb6 Qd8 17. b4 Qxb6 18. Nb3 Rc7 19. Bc1 Bxc1 20. Qxc1 Rfc8 21. Nc5 Kg7 22. Bd3 h6 23. Qf4 Nh5 24. Qg4 Ne7 25. Ne5 Nf6 26. Qf4 Nf5 0-1

[Event "IECG RM.2001.0.00001"]
[Site "IECG email"]
[Date "2001.02.01"]
[Round "?"]
[White "Schoonhoven, Jan Willem"]
[Black "Demyak, Mykola"]
[Result "1-0"]
[WhiteElo "2263"]
[BlackElo "2245"]
[PlyCount "127"]
[EventDate "2001.02.01"]
[EventType "tourn (corr)"]
[EventRounds "6"]
[SourceTitle "Corr 2008"]
[Source "ChessBase"]
[SourceDate "2008.06.24"]
[SourceVersion "1"]
[SourceVersionDate "2008.06.24"]
[SourceQuality "1"]

1. e4 e5 2. Nf3 Nc6 3. Bb5 a6 4. Ba4 Nf6 5. 0-0 Be7 6. Re1 b5 7. Bb3 d6 8. c3 0-0 9. h3 Na5 10. Bc2 c5 11. d4 Qc7 12. Nbd2 cxd4 13. cxd4 Bb7 14. d5 Rac8 15. Bb1 Nh5 16. Nf1 Nf4 17. Bxf4 exf4 18. Bd3 Bf6 19. Rb1 Nc4 20. Bxc4 bxc4 21. N1d2 Qc5 22. Rc1 Qb5 23. b3 c3 24. Nc4 Qc5 25. e5 dxe5 26. Nfxe5 Rcd8 27. d6 Rfe8 28. Nd7 Qg5 29. Rxe8+ Rxe8 30. Qg4 Bc6 31. Qxg5 Bxg5 32. Nde5 Bb5 33. Nd3 Bf6 34. Nxf4 Bg5 35. g3 Rd8 36. Rxc3 Bxc4 37. Rxc4 Rxd6 38. Rc8+ Bd8 39. Ra8 Kf8 40. Ng2 Ke7 41. Ne3 g6 42. b4 Ke6 43. Nc4 Rc6 44. Rxd8 Rxc4 45. Rb8 Kd7 46. Ra8 Rxb4 47. Ra7+ Ke6 48. Rxa6+ Ke5 49. Ra7 Ke6 50. a4 h5 51. Kg2 Rb3 52. Ra6+ Ke7 53. g4 hxg4 54. hxg4 Ra3 55. g5 Kd7 56. f4 Ke7 57. a5 Kf8 58. Ra7 Ke8 59. Kf2 Kf8 60. a6 Ke8 61. Ra8+ Kd7 62. a7 Ke7 63. f5 gxf5 64. g6 1-0

[Event "IECG CM.2000.0.00121"]
[Site "IECG email"]
[Date "2000.10.27"]
[Round "?"]
[White "Cade, Stephen"]
[Black "Demyak, Mykola"]
[Result "0-1"]
[WhiteElo "2250"]
[BlackElo "2255"]
[PlyCount "54"]
[EventDate "2000.10.27"]
[EventType "tourn (corr)"]
[EventRounds "6"]
[SourceTitle "Corr 2008"]
[Source "ChessBase"]
[SourceDate "2008.06.24"]
[SourceVersion "1"]
[SourceVersionDate "2008.06.24"]
[SourceQuality "1"]

1. e4 e5 2. f4 exf4 3. Bc4 d5 4. Bxd5 Nf6 5. Bc4 Nxe4 6. Nf3 Bd6 7. d3 Ng5 8. Qe2+ Ne6 9. 0-0 0-0 10. Nc3 Nc6 11. Ne4 Re8 12. Qf2 Ne5 13. Bxe6 Bxe6 14. Nxd6 Nxf3+ 15. Qxf3 Qxd6 16. Qxf4 Qc6 17. Qf2 Rad8 18. Be3 Rd5 19. Bd4 Rg5 20. Qd2 Rg6 21. Rf2 Qd5 22. Bc3 Bh3 23. a4 Ree6 24. Kh1 h5 25. Rg1 h4 26. Qf4 Bxg2+ 27. Rgxg2 h3 0-1

[Event "IECG CM.2000.0.00111"]
[Site "IECG email"]
[Date "2000.??.??"]
[Round "?"]
[White "Demyak, Mykola"]
[Black "Kampel, Guido"]
[Result "0-1"]
[WhiteElo "2255"]
[BlackElo "2100"]
[PlyCount "104"]
[EventDate "2000.06.30"]
[EventType "tourn (corr)"]
[EventRounds "6"]
[SourceTitle "Corr 2008"]
[Source "ChessBase"]
[SourceDate "2008.06.24"]
[SourceVersion "1"]
[SourceVersionDate "2008.06.24"]
[SourceQuality "1"]

1. e4 c5 2. Nf3 e6 3. d4 cxd4 4. Nxd4 Nf6 5. Nc3 Nc6 6. Ndb5 d6 7. Bf4 e5 8. Bg5 a6 9. Na3 b5 10. Nd5 Be7 11. Bxf6 Bxf6 12. c3 0-0 13. Nc2 Rb8 14. Be2 Bg5 15. 0-0 a5 16. b4 Be6 17. a4 bxa4 18. b5 Ne7 19. Nxe7+ Bxe7 20. c4 Qd7 21. Rxa4 Bd8 22. Ne3 Bb6 23. Nd5 Bxd5 24. Qxd5 Kh8 25. Bd3 Rbc8 26. Bc2 Rfd8 27. Qd3 Qg4 28. Rd1 g6 29. Rd2 Kg7 30. Bd1 Qf4 31. g3 Qg5 32. h4 Qe7 33. Bg4 Ra8 34. Rda2 Ra7 35. Kg2 h5 36. Bh3 Qb7 37. f3 Qe7 38. Kh2 Qf6 39. Ra1 g5 40. hxg5 Qxg5 41. R4a2 h4 42. Rg2 Kf8 43. gxh4 Qxh4 44. Qd2 Ke7 45. Rg4 Qf6 46. Rg3 a4 47. Ra2 Rh8 48. Kg2 a3 49. Bg4 Bd4 50. Bh3 Raa8 51. Bg4 Rag8 52. Qa5 Rxg4 0-1